[Event "Int. Stuttgarter Stadtmeisterschaft B"]
[Site "Ditzingen"]
[Date "2014.05.29"]
[Round "1.51"]
[White "Pibernik, Dario"]
[Black "Bried, Martin"]
[Result "0-1"]
[WhiteElo "1609"]
[BlackElo "1820"]
[PlyCount "108"]
[EventDate "2014.??.??"]
[WhiteTeam "SV Schorndorf"]
[BlackTeam "SpVgg Rommelshausen"]

1. d4 e6 2. e4 c5 3. c3 cxd4 4. cxd4 d5 5. e5 Nc6 6. f4 Bb4+ 7. Nc3 Nge7 8. Nf3
Nf5 9. Bb5 O-O 10. g4 Nh4 11. O-O Nxf3+ 12. Rxf3 Qb6 13. Bxc6 bxc6 14. b3 Bxc3
15. Rxc3 f6 16. Be3 Rb8 17. Rb1 Bd7 18. exf6 Rxf6 19. h4 Rbf8 20. b4 Rxf4 21.
Bxf4 Rxf4 22. Rc5 Qc7 23. Qe2 Rxd4 24. Rc3 e5 25. Rg3 Re4 26. Qf3 Qb6+ 27. Kh2
Qd4 28. Rf1 Rf4 29. Qg2 h6 30. Rxf4 Qxf4 31. Qe2 e4 32. Kh3 h5 33. Kg2 hxg4 34.
a4 d4 35. Qc4+ Qf7 36. Qxd4 Bf5 37. Qc5 Qd7 38. Qc1 g6 39. Rc3 Qd4 40. Rxc6
Qxb4 41. Rc8+ Bxc8 42. Qxc8+ Kf7 43. Qd7+ Qe7 44. Qxg4 Qe6 45. Qf4+ Ke7 46.
Qg5+ Kd7 47. Qd2+ Kc7 48. Qc3+ Qc6 49. Qa5+ Kb7 50. Qb4+ Ka6 51. Qd4 e3+ 52.
Kf1 Qf3+ 53. Kg1 Qf2+ 54. Kh1 Qe1+ 0-1

[Event "Int. Stuttgarter Stadtmeisterschaft B"]
[Site "Ditzingen"]
[Date "2014.05.29"]
[Round "2.1"]
[White "Mayer, Dietmar"]
[Black "Mavropoulos, Georgios"]
[Result "1/2-1/2"]
[WhiteElo "1758"]
[BlackElo "1886"]
[PlyCount "32"]
[EventDate "2014.??.??"]
[WhiteTeam "SC Böblingen 1975 e.V."]
[BlackTeam "DJK Stuttgart-Süd"]

1. d4 c5 2. c3 e6 3. Bf4 Nf6 4. e3 Nc6 5. Nd2 d5 6. Bd3 Bd6 7. Bg3 e5 8. dxc5
Bxc5 9. Bb5 Bd6 10. Ngf3 Qe7 11. c4 Bg4 12. Qa4 O-O 13. cxd5 Bxf3 14. Nxf3 Nxd5
15. Bxc6 bxc6 16. O-O Nb6 1/2-1/2

[Event "Int. Stuttgarter Stadtmeisterschaft B"]
[Site "Ditzingen"]
[Date "2014.05.29"]
[Round "2.2"]
[White "Hamm, Julian"]
[Black "Issaad, Pascal"]
[Result "0-1"]
[WhiteElo "1743"]
[BlackElo "1864"]
[PlyCount "77"]
[EventDate "2014.??.??"]
[WhiteTeam "Mönchfelder SV 1967"]
[BlackTeam "SV Stuttgart-Wolfbusch 1956 e.V."]

1. c4 f5 2. Nc3 Nf6 3. g3 g6 4. Bg2 Bg7 5. d3 O-O 6. Nf3 d6 7. Bd2 e5 8. O-O
Nc6 9. Rb1 h6 10. b4 g5 11. a4 g4 12. Nh4 Nh7 13. Bd5+ Rf7 14. Bxf7+ Kxf7 15.
Qc1 Ng5 16. Bxg5 hxg5 17. Ng2 Be6 18. e3 Qf6 19. Nd5 Qh6 20. f3 Rh8 21. fxg4
Qxh2+ 22. Kf2 Rh3 23. Rh1 Qxg3+ 24. Kg1 Rxh1+ 25. Kxh1 f4 26. Qd2 Qh3+ 27. Kg1
Qxg4 28. Rf1 Ne7 29. Nxc7 Nf5 30. e4 Nd4 31. Rf2 Nf3+ 32. Rxf3 Qxf3 33. Nb5 Bf8
34. Nxa7 Qg3 35. Qf2 Qxd3 36. Ne1 Qxe4 37. Nf3 Be7 38. Nb5 Qb1+ 39. Kh2 0-1

[Event "Int. Stuttgarter Stadtmeisterschaft B"]
[Site "Ditzingen"]
[Date "2014.05.29"]
[Round "2.3"]
[White "Schömbs, Oliver"]
[Black "Zaytsev, Evgeny"]
[Result "1-0"]
[WhiteElo "1864"]
[BlackElo "1736"]
[PlyCount "73"]
[EventDate "2014.??.??"]
[WhiteTeam "SC Ingersheim e.V."]
[BlackTeam "Stuttgarter SF 1879"]

1. e4 e6 2. d4 d5 3. Nc3 Nf6 4. e5 Nfd7 5. f4 c5 6. Nf3 Nc6 7. Be3 cxd4 8. Nxd4
Nxd4 9. Bxd4 Bc5 10. Bxc5 Nxc5 11. b4 Ne4 12. Nxe4 dxe4 13. Qxd8+ Kxd8 14.
O-O-O+ Ke7 15. g4 Bd7 16. Bg2 a5 17. Bxe4 axb4 18. Kb2 Ra7 19. Rd4 Rha8 20. Ra1
f5 21. exf6+ gxf6 22. Rxb4 Ra4 23. c3 f5 24. gxf5 exf5 25. Bc2 R4a7 26. Re1+
Kf8 27. Bb3 Bc6 28. Rd4 Ra5 29. Rd6 Ba4 30. Rf6+ Kg7 31. Rf7+ Kh8 32. Be6 Rb5+
33. Kc1 Rc5 34. Re3 Rd8 35. Rh3 Rd1+ 36. Kb2 Rd2+ 37. Ka3 1-0

[Event "Int. Stuttgarter Stadtmeisterschaft B"]
[Site "Ditzingen"]
[Date "2014.05.29"]
[Round "2.4"]
[White "Narr, Matthias"]
[Black "Bannach, Joerg"]
[Result "1-0"]
[WhiteElo "1743"]
[BlackElo "1863"]
[PlyCount "112"]
[EventDate "2014.??.??"]
[WhiteTeam "SR Heuberg-Gosheim"]
[BlackTeam "SF Augsburg"]

1. e4 e6 2. f4 d5 3. Nc3 d4 4. Nce2 Nf6 5. Ng3 c5 6. Bc4 a6 7. d3 Nc6 8. a3 b5
9. Ba2 Bb7 10. f5 e5 11. Nh3 h6 12. Nh5 Qc7 13. Nxf6+ gxf6 14. Qh5 Nd8 15. Nf2
c4 16. O-O cxd3 17. cxd3 Qc2 18. Bb1 Qb3 19. Ng4 Bg7 20. Qh4 Ke7 21. Nxe5 Rc8
22. Ba2 Qc2 23. Rf2 Qd1+ 24. Rf1 Qe2 25. Nf3 Qxd3 26. Bd2 Rc2 27. Bb4+ Ke8 28.
Rae1 Re2 29. Rxe2 Qxe2 30. Re1 Qxb2 31. e5 Kd7 32. e6+ Kc8 33. e7 Bxf3 34.
exd8=Q+ Rxd8 35. gxf3 Qxa2 36. Rc1+ Kb7 37. Qg3 Rc8 38. Rxc8 Kxc8 39. Qxg7 Qb1+
40. Kf2 Qc2+ 41. Kg3 Qxf5 42. Qg4 Qd7 43. Qxd7+ Kxd7 44. Kf4 Ke6 45. Ke4 d3 46.
f4 f5+ 47. Kd4 h5 48. h3 f6 49. h4 d2 50. Bxd2 Kd6 51. Bb4+ Kc6 52. Bc5 a5 53.
Be7 b4 54. axb4 axb4 55. Bxb4 Kc7 56. Kd5 Kd7 1-0

[Event "Int. Stuttgarter Stadtmeisterschaft B"]
[Site "Ditzingen"]
[Date "2014.05.29"]
[Round "2.5"]
[White "Shahisavandi, Abdollah"]
[Black "Schmitz, Harald"]
[Result "1-0"]
[WhiteElo "1849"]
[BlackElo "1726"]
[PlyCount "55"]
[EventDate "2014.??.??"]
[WhiteTeam "Karlsruher SF 1853"]
[BlackTeam "SC Aidlingen"]

1. e4 e6 2. d4 d5 3. Nc3 Bb4 4. e5 c5 5. a3 Bxc3+ 6. bxc3 Nc6 7. Nf3 Nge7 8.
Bd3 Bd7 9. O-O Qc7 10. dxc5 Nxe5 11. Rb1 Bc6 12. Bf4 Nxf3+ 13. Qxf3 e5 14. Bg3
f6 15. Qh5+ g6 16. Qh6 O-O-O 17. Qg7 Rdf8 18. f4 e4 19. f5 Qd7 20. Be2 Nxf5 21.
Qxd7+ Bxd7 22. Bf4 g5 23. Bd2 h5 24. Rb4 a6 25. Rfb1 Bc6 26. Rf1 Bd7 27. c6
Bxc6 28. Rxf5 1-0

[Event "Int. Stuttgarter Stadtmeisterschaft B"]
[Site "Ditzingen"]
[Date "2014.05.29"]
[Round "2.6"]
[White "Hornung, Richard"]
[Black "Winkler, Tim"]
[Result "0-1"]
[WhiteElo "1734"]
[BlackElo "1827"]
[PlyCount "84"]
[EventDate "2014.??.??"]
[WhiteTeam "SG Schwabing München Nord e.V."]
[BlackTeam "SF Deizisau"]

1. Nf3 Nf6 2. c3 d5 3. d4 Bf5 4. g3 e6 5. Bg2 c6 6. O-O Bd6 7. Qb3 Qc7 8. Nbd2
O-O 9. Nh4 Bg6 10. Nxg6 hxg6 11. f4 Nbd7 12. Nf3 Ne4 13. Ng5 Nxg5 14. fxg5 e5
15. e4 exd4 16. cxd4 dxe4 17. Bxe4 Qb6 18. Qxb6 Nxb6 19. b3 Rad8 20. Bb2 Bb4
21. Rad1 Rd7 22. Rf2 Bc5 23. Kg2 Nd5 24. Bxd5 Rxd5 25. Rf4 Bd6 26. Rg4 Rd8 27.
h4 c5 28. Re4 Be5 29. Rde1 Bxd4 30. Bxd4 Rxd4 31. Rxd4 cxd4 32. Kf3 Kf8 33. Rd1
Ke7 34. Ke4 Ke6 35. Rxd4 Rxd4+ 36. Kxd4 Kf5 37. Ke3 Kg4 38. Kf2 f5 39. gxf6
gxf6 40. a3 f5 41. a4 f4 42. h5 fxg3+ 0-1

[Event "Int. Stuttgarter Stadtmeisterschaft B"]
[Site "Ditzingen"]
[Date "2014.05.29"]
[Round "2.7"]
[White "Jantos, Stefan"]
[Black "Triantafillidis, Zoe"]
[Result "1-0"]
[WhiteElo "1840"]
[BlackElo "1721"]
[PlyCount "41"]
[EventDate "2014.??.??"]
[WhiteTeam "SF Oeffingen e.V."]
[BlackTeam "SF HN-Biberach 1978 e.V."]

1. e4 c6 2. Bc4 d5 3. Bb3 e6 4. d4 dxe4 5. f3 Nf6 6. fxe4 Nxe4 7. Nf3 Bd6 8.
O-O O-O 9. Qd3 f5 10. Nbd2 Nf6 11. Qxf5 Nd5 12. Qd3 b6 13. Ne4 Ba6 14. c4 Qc7
15. Neg5 Rf5 16. Nxe6 Qf7 17. Neg5 Qg6 18. Nh4 Rxf1+ 19. Qxf1 Qf6 20. Qxf6 gxf6
21. Ne4 1-0

[Event "Int. Stuttgarter Stadtmeisterschaft B"]
[Site "Ditzingen"]
[Date "2014.05.29"]
[Round "2.8"]
[White "Kobald, Matthias"]
[Black "Rühl, Volker"]
[Result "1-0"]
[WhiteElo "1732"]
[BlackElo "1831"]
[PlyCount "87"]
[EventDate "2014.??.??"]
[WhiteTeam "SV Stuttgart-Wolfbusch 1956 e.V."]
[BlackTeam "VfL Sindelfingen"]

1. d4 Nf6 2. Nf3 g6 3. Bf4 Bg7 4. e3 d6 5. Bc4 c6 6. c3 d5 7. Bd3 Qb6 8. Qc2
Nbd7 9. Nbd2 Nf8 10. h3 Ne6 11. Bh2 Bh6 12. O-O c5 13. b3 Bd7 14. Ne5 Rc8 15.
Qd1 O-O 16. Nxd7 Nxd7 17. f4 f5 18. Rc1 Rc6 19. Qf3 Nf6 20. g4 Ne4 21. Bxe4
fxe4 22. Qg3 cxd4 23. cxd4 Rfc8 24. Rxc6 Qxc6 25. Qh4 Bf8 26. f5 Ng7 27. fxg6
Qxg6 28. Be5 Ne6 29. Qg3 Rc2 30. Rf2 Bh6 31. a4 Rc3 32. Re2 Bg7 33. Bxg7 Qxg7
34. Qb8+ Qf8 35. Qxb7 Rc1+ 36. Kg2 Rc2 37. Qxd5 Qf7 38. Qxe4 Rxd2 39. Rxd2 Ng5
40. Qf5 Qg7 41. Qc8+ Kf7 42. Rf2+ Kg6 43. Qe8+ Kh6 44. Qh5# 1-0

[Event "Int. Stuttgarter Stadtmeisterschaft B"]
[Site "Ditzingen"]
[Date "2014.05.29"]
[Round "2.9"]
[White "Pudmensky, Stefan"]
[Black "Vogel, Karlheinz"]
[Result "1-0"]
[WhiteElo "1829"]
[BlackElo "1706"]
[PlyCount "51"]
[EventDate "2014.??.??"]
[WhiteTeam "SF Oeffingen e.V."]
[BlackTeam "SV 23 Böckingen"]

1. d4 f5 2. c4 Nf6 3. Nc3 g6 4. g3 Bg7 5. Bg2 c6 6. Nf3 O-O 7. O-O d6 8. Qd3
Na6 9. a3 Qe8 10. Bg5 e5 11. dxe5 dxe5 12. Qd6 e4 13. Nd4 h6 14. Bxf6 Bxf6 15.
Nc2 Be5 16. Qd2 Kh7 17. b4 Be6 18. c5 Rd8 19. Qe1 Rf7 20. Rd1 Rxd1 21. Nxd1 Rd7
22. f3 exf3 23. exf3 Bb3 24. Nde3 f4 25. Ng4 fxg3 26. Nf6+ 1-0

[Event "Int. Stuttgarter Stadtmeisterschaft B"]
[Site "Ditzingen"]
[Date "2014.05.29"]
[Round "2.10"]
[White "Ziegler, Michael"]
[Black "Fais, Sami"]
[Result "1-0"]
[WhiteElo "1722"]
[BlackElo "1827"]
[PlyCount "117"]
[EventDate "2014.??.??"]
[WhiteTeam "SF 59 Kornwestheim"]
[BlackTeam "VfL Sindelfingen"]

1. e4 c5 2. Nf3 d6 3. d4 cxd4 4. Nxd4 Nf6 5. Nc3 a6 6. a4 Nc6 7. Nxc6 bxc6 8.
a5 e5 9. Be2 Be7 10. O-O O-O 11. Be3 d5 12. Bb6 Qd6 13. exd5 cxd5 14. Na4 Qc6
15. c3 Bb7 16. f3 Nh5 17. g3 Qg6 18. Kf2 e4 19. Be3 exf3 20. Bxf3 Nf6 21. Kg2
Ne4 22. Bh5 Qe6 23. Bd4 f5 24. Re1 Qc6 25. b4 Bf6 26. Bxf6 Nxf6 27. Bf3 Rae8
28. Nc5 Ne4 29. Nxb7 Qxb7 30. Qd4 Rc8 31. Re3 Kh8 32. g4 f4 33. Rd3 Rfe8 34.
Qxd5 Qxd5 35. Rxd5 Nxc3 36. Rf5 Ne4 37. Re1 Nf6 38. Rxe8+ Rxe8 39. Rxf4 h6 40.
Bc6 Re6 41. Bf3 Rd6 42. Rc4 Kh7 43. Kg3 Nd7 44. Be4+ g6 45. Rc7 Kg8 46. Bxg6
Ne5 47. Bf5 Rd1 48. Rc5 Nd3 49. Bxd3 Rxd3+ 50. Kh4 Rd2 51. h3 Rd4 52. b5 axb5
53. Rxb5 Ra4 54. Rb6 Rxa5 55. Rxh6 Kg7 56. Rb6 Rd5 57. g5 Kf7 58. Kh5 Rd7 59.
Kh6 1-0

[Event "Int. Stuttgarter Stadtmeisterschaft B"]
[Site "Ditzingen"]
[Date "2014.05.29"]
[Round "2.11"]
[White "Bried, Martin"]
[Black "Fuchs, Egbert"]
[Result "1-0"]
[WhiteElo "1820"]
[BlackElo "1692"]
[PlyCount "39"]
[EventDate "2014.??.??"]
[WhiteTeam "SpVgg Rommelshausen"]
[BlackTeam "SVG Vaihingen/Enz"]

1. c4 c5 2. Nc3 g6 3. g3 Bg7 4. Bg2 Nc6 5. Nf3 Nf6 6. O-O O-O 7. d4 cxd4 8.
Nxd4 Nxd4 9. Qxd4 d6 10. e4 Ng4 11. Qd2 Ne5 12. b3 Bh3 13. Bb2 Bxg2 14. Kxg2
Qa5 15. Rad1 Nc6 16. Ba1 Rfe8 17. Nd5 Qxd2 18. Rxd2 Bxa1 19. Rxa1 a5 20. Nb6
1-0

[Event "Int. Stuttgarter Stadtmeisterschaft B"]
[Site "Ditzingen"]
[Date "2014.05.29"]
[Round "2.12"]
[White "Kusch, Jacek"]
[Black "Pietzka, Martin"]
[Result "1/2-1/2"]
[WhiteElo "1720"]
[BlackElo "1805"]
[PlyCount "61"]
[EventDate "2014.??.??"]
[WhiteTeam "SV Urach"]
[BlackTeam "SV N�rtingen 1920"]

1. e4 c6 2. d4 d5 3. exd5 cxd5 4. c4 dxc4 5. Bxc4 Nf6 6. Nf3 e6 7. O-O Be7 8.
Nc3 O-O 9. d5 exd5 10. Nxd5 Nxd5 11. Bxd5 Qc7 12. Be3 Nd7 13. Rc1 Qd8 14. Qb3
Nf6 15. Rfd1 Nxd5 16. Rxd5 Qe8 17. Re5 Be6 18. Qxb7 Bf6 19. Rb5 Rb8 20. Qxb8
Qxb8 21. Rxb8 Rxb8 22. b3 a6 23. Ng5 Bf5 24. Rc7 Rd8 25. f3 Bxg5 26. Bxg5 f6
27. Be3 Rd1+ 28. Kf2 Ra1 29. a4 Ra2+ 30. Kg3 Bc2 31. b4 1/2-1/2

[Event "Int. Stuttgarter Stadtmeisterschaft B"]
[Site "Ditzingen"]
[Date "2014.05.29"]
[Round "2.13"]
[White "Pocrnic, Josip"]
[Black "Wei�enberger, Mario"]
[Result "0-1"]
[WhiteElo "1805"]
[BlackElo "1673"]
[PlyCount "68"]
[EventDate "2014.??.??"]
[WhiteTeam "SF 1954 Conweiler e.V."]
[BlackTeam "Ssg Fils-Lauter e. V."]

1. e4 g6 2. d4 Bg7 3. Be3 d6 4. Qd2 Nf6 5. f3 Nbd7 6. Nc3 e5 7. d5 O-O 8. Bg5
a6 9. a4 Qe8 10. a5 h5 11. Be2 Nh7 12. Be3 f6 13. Bc4 Rf7 14. Nge2 Ndf8 15. O-O
f5 16. exf5 gxf5 17. Bf2 Bf6 18. Rae1 Rg7 19. Kh1 h4 20. f4 e4 21. Bd4 Qg6 22.
Rg1 Qh6 23. Qe3 Be7 24. g3 hxg3 25. Rxg3 Rxg3 26. Qxg3+ Kf7 27. Rg1 Ng6 28. --
Bf6 29. Bxf6 Nxf6 30. Qg5 Qh7 31. Nd4 Bd7 32. -- Rh8 33. Rg2 Nh4 34. Re2 Rg8
0-1

[Event "Int. Stuttgarter Stadtmeisterschaft B"]
[Site "Ditzingen"]
[Date "2014.05.29"]
[Round "2.14"]
[White "Atasoy, Tarik"]
[Black "Rieder, Josef"]
[Result "1-0"]
[WhiteElo "1700"]
[BlackElo "1803"]
[PlyCount "51"]
[EventDate "2014.??.??"]
[WhiteTeam "Schachverein Letmathe 1933 e.V."]
[BlackTeam "Stuttgarter SF 1879"]

1. e4 c5 2. Nf3 Nc6 3. d4 cxd4 4. Nxd4 Nf6 5. Nc3 g6 6. Bc4 Bg7 7. f3 O-O 8.
Be3 a6 9. Qd2 e6 10. Nxc6 bxc6 11. Bh6 d5 12. Bxg7 Kxg7 13. Bb3 Bb7 14. O-O-O
Qa5 15. Qg5 Nd7 16. h4 Nc5 17. h5 h6 18. Qg3 Nxb3+ 19. cxb3 Qd8 20. Kb1 Qg5 21.
Qc7 Rab8 22. hxg6 Kxg6 23. Rh3 Kh7 24. Rdh1 Ba8 25. Qh2 Rh8 26. Rxh6+ 1-0

[Event "Int. Stuttgarter Stadtmeisterschaft B"]
[Site "Ditzingen"]
[Date "2014.05.29"]
[Round "2.15"]
[White "Gorb, Eugeniusz"]
[Black "Graf, Maximilian"]
[Result "0-1"]
[WhiteElo "1657"]
[BlackElo "1796"]
[PlyCount "66"]
[EventDate "2014.??.??"]
[WhiteTeam "SK Sachsenheim"]
[BlackTeam "SK e4 Gerlingen"]

1. e4 e5 2. Nf3 Nc6 3. d4 exd4 4. Nxd4 Nf6 5. Bg5 Be7 6. Nxc6 bxc6 7. Bd3 O-O
8. O-O Nxe4 9. Bxe7 Qxe7 10. Re1 d5 11. Nd2 f5 12. Nb3 Qf6 13. c3 a5 14. Qc2 a4
15. Nd2 a3 16. Bxe4 fxe4 17. b3 Qxf2+ 18. Kh1 e3 19. Rf1 Qxd2 20. Rxf8+ Kxf8
21. Qxh7 e2 22. Qh8+ Kf7 23. Qh5+ Ke7 24. Qe5+ Be6 25. Rg1 Rf8 26. Qxc7+ Bd7
27. Qe5+ Kd8 28. Qb8+ Ke7 29. Qe5+ Kf7 30. g3 Kg8 31. Qe7 Rf1 32. Qd8+ Kh7 33.
Qh4+ Kg6 0-1

[Event "Int. Stuttgarter Stadtmeisterschaft B"]
[Site "Ditzingen"]
[Date "2014.05.29"]
[Round "2.16"]
[White "Bausch, Jean"]
[Black "Debeljak, Anton"]
[Result "1-0"]
[WhiteElo "1791"]
[BlackElo "1637"]
[PlyCount "93"]
[EventDate "2014.??.??"]
[WhiteTeam "SC Unterhaching e.V."]

1. d4 Nf6 2. c4 e6 3. Nc3 Be7 4. e4 d6 5. Nf3 O-O 6. Be2 b6 7. O-O Bb7 8. Qc2
Nbd7 9. Bd2 Ne8 10. Ne1 a6 11. Nd3 Ndf6 12. f3 Kh8 13. Rac1 Ng8 14. Be3 f5 15.
Nf4 Bc8 16. exf5 exf5 17. Ncd5 Bg5 18. c5 dxc5 19. dxc5 Bxf4 20. Nxf4 b5 21.
Rfd1 Qe7 22. Bf2 c6 23. Qd2 Nef6 24. Qd6 Qe8 25. Re1 Qf7 26. b3 Bd7 27. Nd3 Qd5
28. Qxd5 Nxd5 29. Ne5 Ngf6 30. Bh4 Rac8 31. Bg3 Kg8 32. f4 Be8 33. Bf3 Bf7 34.
Rcd1 Rfd8 35. Nxf7 Kxf7 36. Rd2 Re8 37. Re5 g6 38. Rde2 Rxe5 39. fxe5 Ng8 40.
e6+ Ke7 41. Bd6+ Ke8 42. Rd2 Ngf6 43. a3 g5 44. Re2 f4 45. Re5 h6 46. Rf5 Nh7
47. Bxd5 1-0

[Event "Int. Stuttgarter Stadtmeisterschaft B"]
[Site "Ditzingen"]
[Date "2014.05.29"]
[Round "2.17"]
[White "Gheng, Dominik"]
[Black "Schreiber, Stephan"]
[Result "0-1"]
[WhiteElo "1556"]
[BlackElo "1779"]
[PlyCount "114"]
[EventDate "2014.??.??"]
[WhiteTeam "Schach-Kids Bernhausen e.V."]
[BlackTeam "SC Schachmatt Botnang"]

1. e4 c5 2. c4 d6 3. Nc3 Nf6 4. g3 e6 5. Bg2 Be7 6. Nge2 Nc6 7. O-O O-O 8. d3
a6 9. a3 Rb8 10. a4 b6 11. f4 Qc7 12. Be3 Bb7 13. d4 cxd4 14. Nxd4 Rfc8 15. b3
Nb4 16. Rc1 Nd7 17. Qd2 Nc5 18. Ncb5 axb5 19. Nxb5 Qd8 20. Qxb4 Nd3 21. Qd2
Nxc1 22. Rxc1 Ba6 23. Nd4 Bb7 24. Rd1 d5 25. exd5 exd5 26. Nf5 dxc4 27. Qxd8+
Bxd8 28. Bxb7 Rxb7 29. bxc4 f6 30. Nd6 Rd7 31. Nxc8 Rxd1+ 32. Kf2 Rb1 33. Ke2
Rb4 34. Kf3 Rxc4 35. Nxb6 Bxb6 36. Bxb6 Rxa4 37. Be3 f5 38. h3 Kf7 39. h4 Ra3
40. Kf2 Ke6 41. Bc5 Rb3 42. Kg2 Kd5 43. Bf2 Ke4 44. Kh3 Kf3 45. Bd4 Rd3 46. Bc5
Rd2 47. Bb4 Rg2 48. Bc5 Rxg3+ 49. Kh2 Rg4 50. Bd6 Rxh4+ 51. Kg1 Rxf4 52. Bxf4
Kxf4 53. Kg2 Ke3 54. Kg3 f4+ 55. Kg2 Ke2 56. Kh2 f3 57. Kg1 f2+ 0-1

[Event "Int. Stuttgarter Stadtmeisterschaft B"]
[Site "Ditzingen"]
[Date "2014.05.29"]
[Round "2.18"]
[White "Boschmann, Werner"]
[Black "Michna, Marcus"]
[Result "1/2-1/2"]
[WhiteElo "1550"]
[BlackElo "1774"]
[PlyCount "41"]
[EventDate "2014.??.??"]
[WhiteTeam "SC Widdern"]
[BlackTeam "TSF Ditzingen"]

1. e4 e6 2. d4 d5 3. exd5 exd5 4. c4 c6 5. Nf3 Bd6 6. Bd3 Nf6 7. O-O O-O 8. Nc3
h6 9. Re1 Be6 10. c5 Bc7 11. Qc2 Nbd7 12. Bf5 Bxf5 13. Qxf5 Re8 14. Bd2 Rxe1+
15. Rxe1 Qf8 16. Ne5 Bxe5 17. dxe5 d4 18. exf6 dxc3 19. Bxc3 Nxf6 20. Bxf6 gxf6
21. g3 1/2-1/2

[Event "Int. Stuttgarter Stadtmeisterschaft B"]
[Site "Ditzingen"]
[Date "2014.05.29"]
[Round "2.19"]
[White "Hahn, Lilli"]
[Black "Kovac, Marijo"]
[Result "1-0"]
[WhiteElo "1773"]
[BlackElo "1549"]
[PlyCount "119"]
[EventDate "2014.??.??"]
[WhiteTeam "SV Balingen"]
[BlackTeam "SC Schachmatt Botnang"]

1. d4 Nf6 2. c4 g6 3. Nc3 Bg7 4. e4 d6 5. f4 O-O 6. Nf3 c5 7. dxc5 dxc5 8. Bd3
Bg4 9. e5 Ne8 10. O-O Nc6 11. h3 Bxf3 12. Qxf3 Qd7 13. Qd5 Rd8 14. Be4 Nc7 15.
Qxd7 Rxd7 16. Be3 Nd4 17. Rad1 Rfd8 18. Bxb7 Ne2+ 19. Kh2 Nxc3 20. Rxd7 Rxd7
21. bxc3 f6 22. Bc6 Rd8 23. Bxc5 fxe5 24. Bxe7 Rd3 25. f5 Kf7 26. Bb4 gxf5 27.
Rxf5+ Ke6 28. Rf3 Rd2 29. a3 Bh6 30. Rf1 Re2 31. Bf3 Bf4+ 32. Kg1 Rd2 33. Rd1
Rxd1+ 34. Bxd1 Kf5 35. Bc2+ e4 36. Bc5 a6 37. g4+ Kg5 38. Bxe4 Be5 39. Bd4 Bd6
40. c5 Be7 41. Bxh7 Ne6 42. Be3+ Kh4 43. Kg2 Nxc5 44. Bc2 Ne6 45. a4 a5 46. Bd1
Bd6 47. Bf2+ Kg5 48. h4+ Kg6 49. Bc2+ Kf6 50. Kf3 Be5 51. g5+ Kg7 52. Bb3 Nxg5+
53. hxg5 Bxc3 54. Kg4 Kg6 55. Bc2+ Kg7 56. Bb6 Bb4 57. Bd4+ Kg8 58. g6 Be7 59.
Bb3+ Kf8 60. g7+ 1-0

[Event "Int. Stuttgarter Stadtmeisterschaft B"]
[Site "Ditzingen"]
[Date "2014.05.29"]
[Round "2.20"]
[White "Malitte, Matthias"]
[Black "T�lg, Wolfgang"]
[Result "0-1"]
[WhiteElo "1425"]
[BlackElo "1772"]
[PlyCount "84"]
[EventDate "2014.??.??"]
[WhiteTeam "SV Leonberg 1978 eV"]
[BlackTeam "SF Oeffingen e.V."]

1. d4 f5 2. Nf3 d5 3. e3 Nf6 4. c4 e6 5. Be2 Bb4+ 6. Bd2 Be7 7. O-O O-O 8. a3
c5 9. b4 cxd4 10. Nxd4 Ne4 11. cxd5 exd5 12. Nc3 Nc6 13. Nf3 Bf6 14. Rc1 Be6
15. Na4 Qd6 16. b5 Nxd2 17. Nxd2 Na5 18. Nc5 Bf7 19. a4 b6 20. Ncb3 Nxb3 21.
Nxb3 Qb4 22. Nd4 g6 23. Nc6 Qd6 24. Bf3 g5 25. h3 Kg7 26. Qd3 Kg6 27. Bg4 Be6
28. Kh1 h5 29. Bf3 Rh8 30. g3 g4 31. Bg2 h4 32. Kh2 hxg3+ 33. fxg3 Rxh3+ 34.
Bxh3 Rh8 35. Kg2 Rxh3 36. e4 fxe4 37. Rxf6+ Kxf6 38. Qd4+ Kf7 39. Ne5+ Ke8 40.
Rc6 Qe7 41. Ng6 Qf7 42. Qe5 Qf3+ 0-1

[Event "Int. Stuttgarter Stadtmeisterschaft B"]
[Site "Ditzingen"]
[Date "2014.05.29"]
[Round "2.21"]
[White "Zimmermann, Tobias"]
[Black "Lechler, Walter"]
[Result "1-0"]
[WhiteElo "1768"]
[BlackElo "1561"]
[PlyCount "75"]
[EventDate "2014.??.??"]
[WhiteTeam "SC Schachmatt Botnang"]
[BlackTeam "SK Dinkelsb�hl e.V."]

1. e4 c5 2. Nf3 d6 3. d4 cxd4 4. Nxd4 Nf6 5. Nc3 g6 6. Be3 Bg7 7. Be2 O-O 8.
O-O Nc6 9. Qd2 Bd7 10. f4 a6 11. Bf3 Rc8 12. Nb3 b5 13. Rad1 Bg4 14. e5 Bxf3
15. exf6 Bxd1 16. fxg7 Kxg7 17. Rxd1 b4 18. Nd5 h5 19. Nd4 Kh7 20. Nxc6 Rxc6
21. Nxb4 Rc4 22. b3 Re4 23. c4 a5 24. Qd3 Rxe3 25. Qxe3 axb4 26. Rd5 e6 27. Rb5
Qa8 28. Qd2 Rb8 29. Qxb4 Rxb5 30. cxb5 Qxa2 31. h3 h4 32. b6 Qb1+ 33. Kh2 Qd3
34. b7 Qg3+ 35. Kh1 e5 36. fxe5 Qxe5 37. Qxh4+ Kg8 38. b8=Q+ 1-0

[Event "Int. Stuttgarter Stadtmeisterschaft B"]
[Site "Ditzingen"]
[Date "2014.05.29"]
[Round "2.22"]
[White "Lehmann, Stefan"]
[Black "Hartmann, Christian"]
[Result "1-0"]
[WhiteElo "1866"]
[BlackElo "1650"]
[PlyCount "119"]
[EventDate "2014.??.??"]
[WhiteTeam "Ssg Fils-Lauter e. V."]
[BlackTeam "SC Tarrasch 45 M�nchen"]

1. e4 e5 2. Nf3 Nc6 3. Bc4 Bc5 4. O-O d6 5. c3 Nf6 6. d3 a6 7. Bb3 h6 8. Nbd2
Ba7 9. h3 O-O 10. Re1 Re8 11. Nf1 Be6 12. Bc2 Bd7 13. Be3 Bxe3 14. Nxe3 Qc8 15.
Nh4 Ne7 16. d4 c5 17. Nc4 Qc7 18. dxe5 dxe5 19. Qd6 Qxd6 20. Nxd6 Reb8 21. Nc4
Nc6 22. Nb6 Ra7 23. Bb3 Re8 24. Rad1 Be6 25. Bd5 Bxd5 26. exd5 Nb8 27. Nc4 Nfd7
28. Nd6 Rd8 29. Ne4 b5 30. Nf5 Kf8 31. Re3 f6 32. Rg3 Nb6 33. Nxc5 Rxd5 34.
Rxd5 Nxd5 35. Ne6+ Kg8 36. Nexg7 Kh7 37. Ne6 Rf7 38. Rg4 h5 39. Rh4 Kg6 40. Ng3
Re7 41. Nc5 Nf4 42. Nf1 f5 43. g3 Kg5 44. Ne3 Rc7 45. Rxf4 exf4 46. Ne6+ Kh6
47. Nxc7 fxe3 48. fxe3 Kg6 49. Kf2 Kf6 50. Kf3 Ke5 51. b3 Kd6 52. Ne8+ Ke5 53.
Ng7 h4 54. gxh4 Nc6 55. h5 Kf6 56. h6 Ne5+ 57. Kf4 Ng6+ 58. Kg3 Ne5 59. Ne8+
Kg6 60. Nc7 1-0

[Event "Int. Stuttgarter Stadtmeisterschaft B"]
[Site "Ditzingen"]
[Date "2014.05.29"]
[Round "2.23"]
[White "Peters, Theresa"]
[Black "Ellinger, Harald"]
[Result "1-0"]
[WhiteElo "1636"]
[BlackElo "1854"]
[PlyCount "63"]
[EventDate "2014.??.??"]
[WhiteTeam "SC Hechingen"]
[BlackTeam "SK e4 Gerlingen"]

1. e4 c5 2. Nf3 d6 3. d4 cxd4 4. Nxd4 Nc6 5. Nc3 g6 6. Be3 Nf6 7. Be2 Bg7 8. f3
O-O 9. Qd2 Bd7 10. g4 Nxd4 11. Bxd4 Bc6 12. h4 h5 13. O-O-O hxg4 14. fxg4 e5
15. Be3 Nxe4 16. Nxe4 Bxe4 17. Rh2 Rc8 18. Bd3 Bxd3 19. Qxd3 Qa5 20. Kb1 Rc6
21. h5 Ra6 22. a3 e4 23. Qb3 Be5 24. Rf2 g5 25. Rdf1 d5 26. Rf5 f6 27. Rd1 Rd8
28. h6 Rd7 29. c4 Rad6 30. c5 Rc6 31. Rxd5 Re7 32. Rdxe5+ 1-0

[Event "Int. Stuttgarter Stadtmeisterschaft B"]
[Site "Ditzingen"]
[Date "2014.05.29"]
[Round "2.24"]
[White "Behm, Wilfried"]
[Black "Gheng, Christian"]
[Result "0-1"]
[WhiteElo "1844"]
[BlackElo "1686"]
[PlyCount "56"]
[EventDate "2014.??.??"]
[WhiteTeam "SV Stuttgart-Wolfbusch 1956 e.V."]
[BlackTeam "TSV Sch�naich"]

1. d4 Nf6 2. c4 e6 3. Nc3 Bb4 4. Bd2 O-O 5. Nf3 c5 6. e3 Nc6 7. a3 Bxc3 8. Bxc3
Ne4 9. Rc1 Nxc3 10. Rxc3 b6 11. Bd3 Bb7 12. O-O Qf6 13. d5 exd5 14. cxd5 Ne5
15. Nxe5 Qxe5 16. e4 f5 17. Qh5 Rf6 18. f4 Qd4+ 19. Kh1 fxe4 20. Bc4 Raf8 21.
Rd1 Qf2 22. Rg3 Rxf4 23. Rg1 d6 24. Rh3 h6 25. Qg6 R8f6 26. Qe8+ Kh7 27. Rg3
Bxd5 28. Qd7 Rf7 0-1

[Event "Int. Stuttgarter Stadtmeisterschaft B"]
[Site "Ditzingen"]
[Date "2014.05.29"]
[Round "2.25"]
[White "Sigmund, Wolfgang"]
[Black "Kozina, Vinko"]
[Result "0-1"]
[WhiteElo "1520"]
[BlackElo "1842"]
[PlyCount "54"]
[EventDate "2014.??.??"]
[WhiteTeam "SC Eberbach"]
[BlackTeam "TSV/RSK Esslingen"]

1. d4 d5 2. c4 e5 3. dxe5 d4 4. Nf3 c5 5. Bg5 Be7 6. Bf4 g5 7. Bg3 h5 8. h4 g4
9. Ng5 Bxg5 10. hxg5 Qxg5 11. Qd2 Qxd2+ 12. Nxd2 Bf5 13. f4 Nc6 14. a3 f6 15.
exf6 Nxf6 16. Bh4 Kf7 17. Kf2 Rae8 18. g3 Ne4+ 19. Nxe4 Bxe4 20. Rh2 Na5 21.
Rc1 Nb3 22. Re1 Re6 23. Bg5 Kg6 24. e3 d3 25. Rd1 Rd6 26. Bg2 Re8 27. Bxe4+
Rxe4 0-1